Shaq O'neal quiz - Statistics

General Stats
  • This quiz has been taken 943 times
  • The average score is 11 of 15
Answer Stats
Hint Answer % Correct
How many teams did shaq play for? 6
100%
How many championships did Shaq win with the Lakers? 3
99%
How many olympic gold medals did Shaq win? 1
98%
How many scoring titles did Shaq win? 2
98%
How many MVP did Shaq win? (Spell in word form) One MVP
95%
What year was Shaq drafted? 1992
89%
How tall is Shaq? 7 foot 1
88%
How many times was Shaq an NBA All-Star? 15
83%
What number was Shaq when he played for Lakers? 34
82%
What number was Shaq when he played for Miami? 32
75%
When was Shaq inducted in the college basketball hall of fame? 2014
64%
What college did Shaq go to? LSU
58%
Spell Shaqs full name. Shaquille O'Neal
52%
How many seasons did Shaq play? (Spell in word form) Nineteen
47%
Where was Shaq born? New Jersey
12%
No matching quizzes found
Score Distribution
Percent of People with Each Score
Percentile by Number Answered
Your Score History
You have not taken this quiz